[Event "FRA-chT3 Gr4 0203"]
[Site "Limoges"]
[Date "2002.10.13"]
[Round "?"]
[White "Favarel, Antoine"]
[Black "Cibeau, Axel"]
[Result "1-0"]
[WhiteElo "1710"]
[BlackElo "1850"]
[PlyCount "97"]
[EventDate "2002.11.11"]
[EventType "team"]
[EventRounds "9"]
[EventCountry "FRA"]
[SourceTitle "EXT 2004"]
[Source "ChessBase"]
[SourceDate "2003.11.25"]
[SourceVersion "1"]
[SourceVersionDate "2003.11.25"]
[SourceQuality "1"]

1. e4 Nf6 2. Nc3 d5 3. exd5 Nxd5 4. Nxd5 Qxd5 5. d4 Nc6 6. c3 Bf5 7. Nf3 0-0-0 8. Be2 e5 9. dxe5 Qe4 10. Bd2 Nxe5 11. Nxe5 Qxe5 12. Qc1 Bd3 13. Be3 Bc5 14. Bxd3 Rxd3 15. Qc2 Rhd8 16. 0-0 Bxe3 17. Rae1 Bxf2+ 18. Qxf2 Qb5 19. Qxa7 f6 20. Re7 Qa6 21. Qxa6 bxa6 22. Rxg7 Rd2 23. Rxf6 Rxb2 24. a4 h6 25. h3 Rd1+ 26. Kh2 Rb6 27. Rxb6 cxb6 28. Rg6 Kb7 29. Rxh6 Rc1 30. Rh7+ Kc6 31. Rh6+ Kc5 32. a5 bxa5 33. Rxa6 Kb5 34. Ra8 Rxc3 35. h4 a4 36. h5 Kb4 37. g4 Kb3 38. h6 Rc7 39. g5 Rh7 40. Kh3 a3 41. Kh4 Kb2 42. Kh5 a2 43. g6 Rh8 44. Ra7 a1Q 45. Rxa1 Kxa1 46. h7 Rb8 47. g7 Rb5+ 48. Kg6 Rb6+ 49. Kf5 1-0